Hcs12/9s12 An Introduction To Software And Hardware Interfacing (Record no. 30651)

MARC details
000 -LEADER
fixed length control field 00380nam a22001457a 4500
003 - CONTROL NUMBER IDENTIFIER
control field OSt
005 - DATE AND TIME OF LATEST TRANSACTION
control field 20220216162940.0
008 - FIXED-LENGTH DATA ELEMENTS--GENERAL INFORMATION
fixed length control field 220216b |||||||| |||| 00| 0 eng d
020 ## - INTERNATIONAL STANDARD BOOK NUMBER
International Standard Book Number 139781435427426
040 ## - CATALOGING SOURCE
Transcribing agency H U
082 ## - DEWEY DECIMAL CLASSIFICATION NUMBER
Edition number 2ed
Classification number 629.89
100 ## - MAIN ENTRY--PERSONAL NAME
Personal name Huang Han-Way
9 (RLIN) 30727
245 ## - TITLE STATEMENT
Title Hcs12/9s12 An Introduction To Software And Hardware Interfacing
942 ## - ADDED ENTRY ELEMENTS (KOHA)
Source of classification or shelving scheme Dewey Decimal Classification
Koha item type Books like text book referance book
Suppress in OPAC No
Holdings
Withdrawn status Lost status Source of classification or shelving scheme Damaged status Not for loan Home library Current library Shelving location Date acquired Total Checkouts Full call number Barcode Date last seen Copy number Price effective from Koha item type
    Dewey Decimal Classification     IoT Library IoT Library General Stacks 02/16/2022   629.89/HUA/2010 IOTL0013296 02/16/2022 1 02/16/2022 Books like text book referance book